000 00895nam a2200301 i 4500
001 000007331
003 DO-SdBNP
005 20260330143848.0
007 ta
008 090908s2008 dr 000 j spa d
020 _a9789945162318
040 _aDO-SdBNP
_bspa
_cBNPHU
_erda
041 _aspa
082 4 _aRD863.44
_bR457p
_222
100 1 _aReyes, Freddy,
_eautor
_4aut.
_910802
245 1 3 _aEl paseo /
_cFreddy Reyes.
264 4 _aSanto Domingo :
_bBuho,
_c©2008.
300 _a286 páginas ;
_c23 cm.
336 _atexto
_btxt
_2rdacontent
337 _asin mediación
_bn
_2rdamedia
338 _avolumen
_bnc
_2 rdacarrier
500 _aIncluye datos biográficos del autor en las solapas
590 _aInventariado, 2020/MAA
650 4 _aNovela dominicana
_9223
650 4 _aLiteratura dominicana.
_967
910 _aValidado. Control de calidad. MMOLINA
942 _2ddc
_cLBS1
999 _c7112
_d7112